| 000 | 00405nam a2200157Ia 4500 | ||
|---|---|---|---|
| 008 | 230524s9999 xx 000 0 und d | ||
| 082 |
_a658.452 _bLUC |
||
| 100 |
_aJr. Henary C. Lucas _910388 |
||
| 245 | 0 | _aInformation Technology for Management | |
| 250 | _a7TH | ||
| 260 |
_aNEW DELHI _bM.C. Grawhill _c2001 |
||
| 300 | _aXXII;730 | ||
| 500 | _aQuantity Number: 1 | ||
| 650 | _aComp-Sc | ||
| 942 | _cBK | ||
| 999 |
_c14340 _d14340 |
||